000 00816cam a2200229 4500
001 WB3638-02
008 000000n2000 000 0 eng u
035 _a(Sirsi) u108494
245 _aBRE initiates new rules
260 _c2000
490 _aContract Journal
_v405(6296) 27 September 2000, 4(1)
520 _aThe RICS is one of a number of BRE partner organisations joining forces to set up rules on how contractors should hand over buildings. The DETR backed project plans to develop a protocol, to be set out in an electronically published guide.
590 _aWB
650 _aRICS
650 _aBUILDING RESEARCH ESTABLISHMENT
650 _aDETR
650 _aCONSTRUCTION PROCESS
650 _aPROTOCOLS
650 _aGUIDANCE
690 _aBUILDING AND CONSTRUCTION-MANAGEMENT
942 _n0
999 _c64777
_d64777